<?xml version="1.0" encoding="UTF-8"?><?xml-stylesheet type="text/xsl" href="static/style.xsl"?><OAI-PMH xmlns="http://www.openarchives.org/OAI/2.0/" xmlns:xsi="http://www.w3.org/2001/XMLSchema-instance" xsi:schemaLocation="http://www.openarchives.org/OAI/2.0/ http://www.openarchives.org/OAI/2.0/OAI-PMH.xsd"><responseDate>2026-04-17T15:46:30Z</responseDate><request verb="GetRecord" identifier="oai:www.recercat.cat:20.500.14342/4071" metadataPrefix="marc">https://recercat.cat/oai/request</request><GetRecord><record><header><identifier>oai:recercat.cat:20.500.14342/4071</identifier><datestamp>2025-03-11T12:46:20Z</datestamp><setSpec>com_2072_482405</setSpec><setSpec>com_2072_183628</setSpec><setSpec>col_2072_482410</setSpec></header><metadata><record xmlns="http://www.loc.gov/MARC21/slim" xmlns:dcterms="http://purl.org/dc/terms/" xmlns:xsi="http://www.w3.org/2001/XMLSchema-instance" xmlns:doc="http://www.lyncode.com/xoai" xsi:schemaLocation="http://www.loc.gov/MARC21/slim http://www.loc.gov/standards/marcxml/schema/MARC21slim.xsd">
   <leader>00925njm 22002777a 4500</leader>
   <datafield ind2=" " ind1=" " tag="042">
      <subfield code="a">dc</subfield>
   </datafield>
   <datafield ind2=" " ind1=" " tag="720">
      <subfield code="a">Guillén-Pujadas, Miguel</subfield>
      <subfield code="e">author</subfield>
   </datafield>
   <datafield ind2=" " ind1=" " tag="720">
      <subfield code="a">Gutiérrez-Aragón, Óscar</subfield>
      <subfield code="e">author</subfield>
   </datafield>
   <datafield ind2=" " ind1=" " tag="720">
      <subfield code="a">Fondevila-Gascón, Joan-Francesc</subfield>
      <subfield code="e">author</subfield>
   </datafield>
   <datafield ind2=" " ind1=" " tag="720">
      <subfield code="a">Vilajoana Alejandre, Sandra</subfield>
      <subfield code="e">author</subfield>
   </datafield>
   <datafield ind2=" " ind1=" " tag="260">
      <subfield code="c">2023</subfield>
   </datafield>
   <datafield ind2=" " ind1=" " tag="520">
      <subfield code="a">Los consumidores del servicio del transporte de viajeros en vehículos de turismo vieron afectados sus  hábitos  de  consumo  durante  el  tiempo  de  pandemia de  COVID-19 en  España.  La presente investigación  establece  las  preferencias  de  consumo  y  genera  un  perfil  del  usuario  diferenciado entre consumidores del taxi o del vehículo de transporte con conductor (VTC).  La metodología aplicada utiliza análisis estadísticos cuantitativos  y análisis de correspondencias múltiples sobre los resultados de una encuesta con muestreo intencional no probabilístico significativo. A través de  estos  análisis  se  ha aproximado  los  perfiles  de  los  diferentes  usuarios  a  las  soluciones  de movilidad preferidas. Los resultados destacan la predisposición de los ciudadanos por la utilización del  vehículo  privado  frente  a  medios  de  transporte  públicos, seguidos  por  el  taxi  y  el  VTC. También se constata el amplio porcentaje de usuarios que han utilizado el servicio del taxi  y el VTC  en  el  último  año.  El  análisis  de  correspondencias  múltiple  permite  diferenciar  aquellos usuarios que prefieren utilizar el taxi, el VTC o que, por el contrario, no tienen una preferencia clara. Se concluye, que los usuarios trabajadores por cuenta propia, por cuenta ajena y las personas de mayor edad tienden a utilizar el taxi. Los estudiantes y las personas con menor edad prefieren el VTC. Finalmente, encontramos usuarios de ambos subconjuntos que han utilizado el servicio en algún momento en un periodo anual.</subfield>
   </datafield>
   <datafield ind2=" " ind1=" " tag="520">
      <subfield code="a">Consumers of passenger transport services in tourism vehicles were affected in their consumption habits during the time of the COVID-19 pandemic in Spain. The research establishes consumption preferences and generates a user profile differentiated between consumers of taxior ride-hailing services.  The  applied  methodology  uses  quantitative  statistical  and  multiple  correspondence analysis on the results of a survey with significant non-probabilistic purposive sampling. Through these analyses, the profiles of the different users have been approximated to the preferred mobility solutions. The  results  highlight  the  predisposition  of  citizens  to  use  private  vehicles  rather  than public means of transport, followed by taxis andride-hailing service. Also, the large percentage of users who have used the taxi and ride-hailing service in the last year is also noted. The multiple correspondence analysis allows us to differentiate those users who prefer to use the taxi, the raid-hailing services or who, on the contrary, do not have a clear preference. It is concluded that self-employed users, employees, and older people tend to use taxi. Students and younger peopleprefer ride-hailing services. Finally, we find users from both subsets who have used the service at some point in an annual period.</subfield>
   </datafield>
   <datafield ind1="8" ind2=" " tag="024">
      <subfield code="a">http://hdl.handle.net/20.500.14342/4071</subfield>
   </datafield>
   <datafield ind1="8" ind2=" " tag="024">
      <subfield code="a">https://doi.org/10.33890/innova.v8.n2.2023.2227</subfield>
   </datafield>
   <datafield tag="653" ind2=" " ind1=" ">
      <subfield code="a">COVID-19 (Malaltia)</subfield>
   </datafield>
   <datafield tag="653" ind2=" " ind1=" ">
      <subfield code="a">Pandèmia de COVID-19, 2020-</subfield>
   </datafield>
   <datafield tag="653" ind2=" " ind1=" ">
      <subfield code="a">Taxis</subfield>
   </datafield>
   <datafield tag="653" ind2=" " ind1=" ">
      <subfield code="a">Vehicles</subfield>
   </datafield>
   <datafield tag="653" ind2=" " ind1=" ">
      <subfield code="a">Mobilitat urbana</subfield>
   </datafield>
   <datafield tag="653" ind2=" " ind1=" ">
      <subfield code="a">VTC</subfield>
   </datafield>
   <datafield tag="653" ind2=" " ind1=" ">
      <subfield code="a">Espanya</subfield>
   </datafield>
   <datafield ind2="0" ind1="0" tag="245">
      <subfield code="a">Perfil de los usuarios del servicio del transporte de pasajeros: Taxis y Vehículos de Transporte con Conductor (VTC) en España tras la pandemia del COVID-19</subfield>
   </datafield>
</record></metadata></record></GetRecord></OAI-PMH>